Most Spoken Languages in Michigan - Statistics

General Stats
  • This quiz has been taken 176 times
  • The average score is 12 of 18
Answer Stats
# Speakers Language % Correct
273,981 Spanish
99%
28,891 French
97%
97,559 Arabic
92%
28,619 Chinese
92%
41,189 German
90%
19,587 Italian
84%
14,563 Japanese
80%
12,363 Russian
80%
15,387 Hindi
78%
14,499 Korean
78%
27,019 Polish
73%
14,595 Vietnamese
68%
15,243 Tagalog
59%
10,548 Urdu
55%
10,548 Bengali
48%
11,453 Romanian
38%
17,429 Albanian
15%
23,420 Syriac
8%
No matching quizzes found
Score Distribution
Percent of People with Each Score
Percentile by Number Answered
Your Score History
You have not taken this quiz